000 01841nam0a2200409 4500
001 RU\NLR\bibl\1751320
005 20260405221720.0
010 _a978-5-91172-032-2
_9800
021 _aRU
_b2011-17202
_91212
035 _a(NLR Aleph) 001742177
090 _a1466300
_c1466300
100 _a20110328d2010 |||y0rusy50 ca
101 0 _arus
_deng
102 _aRU
105 _aa |||||||||
200 1 _aЛингвистика конструкций
_dConstruction linguistics
_f[Е.В. Рахилина, Ю.Л. Кузнецова, В.А. Плунгян и др.]
_gотв. ред. Е.В. Рахилина
_gРос. акад. наук, Ин-т рус. яз. им. В.В. Виноградова
_zeng
210 _aМосква
_cАзбуковник
_d2010
215 _a583 с.
_cил.
_d22
300 _aАвт. указаны в оглавлении
300 _aРез. на англ. яз.
320 _aБиблиогр.: с. 542-572
320 _aУказ. терминов: с. 573-581
510 0 _aConstruction linguistics
_zeng
606 1 _aРусский язык
_xМодели грамматики
_91532420
_3RU\NLR\auth\66968757
606 1 _aРусский язык
_xМодели семантики
_91532438
_3RU\NLR\auth\66968766
686 _aШ141.12-2
686 _aШ141.12-32
701 1 _4070
_8rus
_7ca
_aРахилина
_bЕ. В.
_gЕкатерина Владимировна
_3RU\NLR\auth\77100002
_982928
701 1 _4070
_8rus
_7ca
_aКузнецова
_bЮ. Л.
_cлингвист
_f1980-
_gЮлия Львовна
_3RU\NLR\AUTH\7799988
_982914
701 1 _aПлунгян
_bВ. А.
_gВладимир Александрович
_4070
801 0 _aRU
_bNLR
_c20110328
_gRCR
801 1 _aRU
_bNLR
_c20110328
830 _aавт. по базе
942 _cBOOK
980 _aNB